Exercicio de Subida - Statistics

Estatísticas Gerais
  • Esse quiz foi jogado 85 vezes
  • A pontuação média é 3 de 8
Estatísticas das Respostas
Hint Resposta % Correto
3 cabrar e estabelecer atitude de subida
55%
8 compensar para voo nivelado
55%
7 em 100kt gases 20 pol
45%
1 gases 20 pol.
45%
4 em 90kt gases a pleno e manter velocidade
36%
2 variar 1000ft
36%
6 10% da razão de subida começar a nivelar
27%
5 compensar
9%
Nenhum quiz correspondente encontrado
Distribuição das Pontuações
Porcentagem de Pessoas com Cada Pontuação
Percentil de Números Respondidos
Sua Pontuação Histórica
Você não jogou esse quiz